| 000 | 00597nam a2200217Ia 4500 | ||
|---|---|---|---|
| 003 | BUBTL | ||
| 008 | 151213s9999 xx 000 0 und d | ||
| 020 | _a8120312805 | ||
| 082 | _a658.3/ D472h/ 2002 | ||
| 100 |
_a Dessler, Gray _93106 |
||
| 245 |
_aHuman Resource management : _cGary Dessler |
||
| 250 | _a7th | ||
| 260 |
_aNew Delhi _bPrentice hall _cc2002 |
||
| 300 |
_a[xx], 715p. : _bill. Table ; 25cm. |
||
| 500 | _aIncludes Index | ||
| 650 |
_aManagement _93107 |
||
| 700 |
_aGary Dessler _93108 |
||
| 856 |
_k0 _l0 _yDownload |
||
| 942 |
_2ddc _cBK |
||
| 999 |
_c1102 _d1102 |
||